000 01139nam a2200313 i 4500
003 EG-GICUC
005 20260121101522.0
008 251218s1951 ua ||||fr|||| 000 0 ara d
040 _a EG-GICUC
_bara
_c EG-GICUC
_d EG-GICUC
_erda
041 _aara
082 0 4 _221
_a343.3
_bم ح . ش
092 0 4 _221
099 _aLaw1 10 343.3 م ح . ش 1 ed - 1951
100 0 _aمحمود محمود مصطفى
_eمؤلف.
245 1 0 _aشرح قانون الأجراءات الجنائية /
_cالدكتور محمود محمود مصطفي.
250 _aالطبعة الاولى
264 3 _aالإسكندرية :
_bدار نشر الثقافة،
_c1951.
300 _a522 صفحة ؛
_c24 سم
336 _2rda content
_atext
337 _2rda media
_aComputer
338 _2rda carrier
_aOnline Resource
504 _a. 240-220 ببليوجرافيا: صفحات.
546 _aالنص باللغة العربية
650 1 4 _aقانون الأجراءات الجنائية
_2qrmak
651 1 _2qrmak
856 4 0 _uhttps://fll.law.cu.edu.eg/fulltext/bks/B10-05720.pdf
905 _a79
_eHassnaa
942 _2ddc
_cBK
_e21
_n0
999 _c51534
_d51534